000 00822nam a2200205 a 4500
008 080929s1997 ||||||||||||||||| || u
020 _a0821340344
050 _aIBRD(08)TP/378
100 _aShah, Jitendra J
245 1 0 _aUrban air quality management strategy in Asia: Kathmandu Valley report
_cEdited by Jitendra J. Shah and Tanvi Nagpal
260 _aWashington, D.C.
_bWorld Bank
_c1997
300 _axiii, 157p.: ill.
350 _a0.00
490 _aWorld Bank Technical Papers
650 _aAIR QUALITY MANAGEMENT--NEPAL--KATHMANDU VALLEY
650 _aAIR POLLUTION--NEPAL--KATHMANDU VALLEY
700 _aNagpal, Tanvi
710 _aWorld Bank
995 _D0.00
_FCBU-MAIN LIBRARY (Kitwe)
_H1
_I0.00
_M1
_UAVAILABLE
_WSep 29, 2008
_ZInternational Publications
999 _c60979
_d60979